000
00203nam a22000857a 4500
008
170622b xxu||||| |||| 00| 0 eng d
100
_9
3630
_a
Sahoo. R
245
_a
Information Practice XI
260
_a
New delhi
999
_c
7021
_d
7021